Les Lumières - 4ème - Statistiques

Statistiques générales
  • Ce quiz a été pris 222 fois
  • Le résultat moyen est 6 sur 10
Statistiques - réponses
Question Réponse % Correct
Que désigne t-on comme "l'ancien régime" La période de la monarchie absolue en France
91%
Quel immense ouvrage en 28 volumes recense l'intégralité du savoir connu au XVIIIème siècle ? L'Encyclopédie
84%
Lequel de ces savants n'est pas un philosophe des Lumières ? Ribéry
84%
Comment appelle t-on les lieux de réunions, souvent tenus par des femmes savantess où les philosophes se retrouvaient pour discuter Le Salon
78%
Quel couple célèbre fait avancer la chimie au XVIIIème siècle ? Marie-Anne et Antoine-Laurent Lavoisier
74%
Quel père de famille condamné à tort est défendu à titre posthume par Voltaire Jean Calas
69%
Comment appelle t-on un souverain autoritaire dirigeant avec les principes des philosophes des Lumières ? Un souverain qui s'inspire des idées des philosophes
55%
À quel souverain Diderot enseigne t-il les idées des Lumières ? Catherine II
39%
Pourquoi la société d'ordre est-elle inégalitaire ? La majorité de la population est dominée par la minorité
39%
Que critique Beaumarchais dans son oeuvre du mariage de Figaro ? Les privilèges des nobles
29%
Aucun quiz correspondant
Distribution des résultats
% des personnes avec chaque résultat
Percentile par nombre de réponses
Votre historique - résultats
Vous n’avez pas pris ce quiz